000 01010nam a2200253Ia 4500
003 OSt
005 20200924095125.0
008 191128s1997 ck gr 000 0 spa d
020 _a9589074162
040 _aCO-JMCR
_cCO-JMCR
041 0 _aspa
082 0 4 _a519.52 /
_bM338e
_223
100 1 _aMartínes Bencardino, Ciro,
_eautor
_910771
245 1 0 _aEstadistica y muestreo /
_cCiro Martines Bencario
250 _aOctava edición
260 _aBogotá :
_bEcoe Edicione,
_c1997.
300 _a879 páginas ;
_c24 cm.
500 _aIncluye datos biográficos y foto del autor en solapa.
505 0 _aConceptos generales -- Algunos elementos básicos de las matemáticas -- Distribuciones de frecuencias, tabla y gráficas -- Medidas de posición o de tendencia central -- Estadígrafos de dispersión, asimetría y apuntamiento
650 2 4 _aEstadística matemática
_95846
650 2 4 _aEstadística
_xProblemas
_910772
650 2 4 _aEstadística
_xMuestreo
_xEjercicios
_910773
942 _2ddc
_cBK
999 _c4041
_d4041